<?xml version="1.0" encoding="UTF-8"?>
<record
    xmlns:xsi="http://www.w3.org/2001/XMLSchema-instance"
    xsi:schemaLocation="http://www.loc.gov/MARC21/slim http://www.loc.gov/standards/marcxml/schema/MARC21slim.xsd"
    xmlns="http://www.loc.gov/MARC21/slim">

  <leader>00933nam a22002297a 4500</leader>
  <controlfield tag="008">160601b        xxu||||| |||| 00| 0 eng d</controlfield>
  <datafield tag="020" ind1=" " ind2=" ">
    <subfield code="a">8878135283</subfield>
  </datafield>
  <datafield tag="020" ind1=" " ind2=" ">
    <subfield code="a">9788878135284</subfield>
  </datafield>
  <datafield tag="082" ind1=" " ind2=" ">
    <subfield code="a">759.949.2</subfield>
    <subfield code="b">M741p</subfield>
  </datafield>
  <datafield tag="100" ind1=" " ind2=" ">
    <subfield code="a">Piet Mondrian; Yve Alain Bois</subfield>
    <subfield code="9">5120</subfield>
  </datafield>
  <datafield tag="245" ind1=" " ind2=" ">
    <subfield code="a">Piet Mondrian 1872-1944</subfield>
    <subfield code="c">Piet Mondrian; Yve Alain Bois</subfield>
  </datafield>
  <datafield tag="260" ind1=" " ind2=" ">
    <subfield code="a">Bern, Alemania</subfield>
    <subfield code="b">Benteli Verl</subfield>
    <subfield code="c">1995.</subfield>
  </datafield>
  <datafield tag="300" ind1=" " ind2=" ">
    <subfield code="a"> 408 pag</subfield>
    <subfield code="b">ill.</subfield>
    <subfield code="c">31 cm</subfield>
  </datafield>
  <datafield tag="505" ind1=" " ind2=" ">
    <subfield code="t">Bruikleengevers</subfield>
    <subfield code="t">Voorwoord</subfield>
    <subfield code="t">Dankwoord</subfield>
    <subfield code="t">inleiding</subfield>
    <subfield code="t">Chronologie</subfield>
    <subfield code="r">Joop Joosten en Angelica Zander Rudenstine</subfield>
    <subfield code="t">Catalogus</subfield>
    <subfield code="r">Joop Joosten en Angelica Zander Rudenstine</subfield>
    <subfield code="t">De Beeldenstormer</subfield>
    <subfield code="r">Yve-Alain Bois</subfield>
    <subfield code="t">In de leer bij de ervaring</subfield>
    <subfield code="r">Hans Janssen</subfield>
    <subfield code="t">Tentoonstellingen</subfield>
    <subfield code="t">Literatuur</subfield>
  </datafield>
  <datafield tag="650" ind1=" " ind2=" ">
    <subfield code="a">Pintura</subfield>
    <subfield code="9">4664</subfield>
  </datafield>
  <datafield tag="653" ind1=" " ind2=" ">
    <subfield code="a">Pintura-Holanda</subfield>
  </datafield>
  <datafield tag="653" ind1=" " ind2=" ">
    <subfield code="a">Arte Moderno</subfield>
  </datafield>
  <datafield tag="653" ind1=" " ind2=" ">
    <subfield code="a">Pintores Holandeses </subfield>
  </datafield>
  <datafield tag="653" ind1=" " ind2=" ">
    <subfield code="a">Piet Mondrian 1872-1944</subfield>
  </datafield>
  <datafield tag="700" ind1=" " ind2=" ">
    <subfield code="a">Piet Mondrian</subfield>
    <subfield code="9">5121</subfield>
  </datafield>
  <datafield tag="700" ind1=" " ind2=" ">
    <subfield code="a">Yve Alain Bois</subfield>
    <subfield code="9">5122</subfield>
  </datafield>
  <datafield tag="999" ind1=" " ind2=" ">
    <subfield code="c">933</subfield>
    <subfield code="d">933</subfield>
  </datafield>
  <datafield tag="952" ind1=" " ind2=" ">
    <subfield code="0">0</subfield>
    <subfield code="1">0</subfield>
    <subfield code="2">ddc</subfield>
    <subfield code="4">0</subfield>
    <subfield code="7">0</subfield>
    <subfield code="a">LV</subfield>
    <subfield code="b">LV</subfield>
    <subfield code="c">Monograf&#xED;as</subfield>
    <subfield code="d">2016-06-01</subfield>
    <subfield code="l">0</subfield>
    <subfield code="o">759.949.2 M741p</subfield>
    <subfield code="p">001070</subfield>
    <subfield code="r">2016-06-01 00:00:00</subfield>
    <subfield code="w">2016-06-01</subfield>
    <subfield code="y">01</subfield>
  </datafield>
</record>
